An outline of the theory of organic evolution : with a description of some of the phenomena which it explains /

Bibliographic Details
Main Author: Metcalf, Maynard M. (Maynard Mayo), 1868-1940
Format: Book
Language:English
Published: New York : The Macmillian company; [etc., etc.], 1904.
Subjects:

MARC

Tag First Indicator Second Indicator Subfields
LEADER 00000cam a2200000 4500
001 in00000043124
005 20151007070848.0
008 780405s1904 nyuaf b 00110 eng
010 |a  04032698  
035 |a (OCoLC)03779421 
035 |9 AAE4865AM 
040 |a DLC  |c CWR  |d TXA  |d UtOrBLW 
049 |a TXAM  |c [486] 
050 0 0 |a QH361  |b .M58 
092 |a 575  |b M56 
100 1 |a Metcalf, Maynard M.  |q (Maynard Mayo),  |d 1868-1940. 
245 1 3 |a An outline of the theory of organic evolution :  |b with a description of some of the phenomena which it explains /  |c by Maynard M. Metcalf. 
264 1 |a New York :  |b The Macmillian company; [etc., etc.],  |c 1904. 
300 |a xxii, 204 pages :  |b color frontispiece, illustrations, plates (part color) ;  |c 23 cm. 
336 |a text  |b txt  |2 rdacontent 
337 |a unmediated  |b n  |2 rdamedia 
338 |a volume  |b nc  |2 rdacarrier 
500 |a "A few books which treat of organic evolution and phenomena of special adaptations": pages 189-191. 
650 0 |a Evolution. 
999 |a MARS 
999 f f |s 63e3e6cb-07e9-305d-8c02-f31af924de31  |i d4e013ee-0987-3437-96c0-3d1d16960fdd  |t 0 
952 f f |p ric  |a Texas A&M University  |b Rellis Campus  |c Joint Library Facility  |d Remote Storage  |t 0  |e QH361 .M58  |h Library of Congress classification  |i unmediated -- volume  |m A14800977440 
998 f f |a QH361 .M58  |t 0  |l Remote Storage